书目信息 |
| 题名: |
无线射频识别(RFID)与条码技术
|
|
| 作者: | 游战清 编著 | |
| 分册: | ||
| 出版信息: | 北京 机械工业出版社 2007 |
|
| 页数: | 316页 | |
| 开本: | 26cm | |
| 丛书名: | ||
| 单 册: | ||
| 中图分类: | TN911.23 , TP391.44 | |
| 科图分类: | ||
| 主题词: | 无线电信号--射频--信号识别 , 条形码--技术 , 无线电信号 , 射频 , 信号识别 , 条形码 | |
| 电子资源: | ||
| ISBN: | 7-111-19869-7 | |
| 000 | 01024nam0 2200337 450 | |
| 001 | 003284240 | |
| 005 | 20080303092903.51 | |
| 010 | @a7-111-19869-7@dCNY35.00 | |
| 035 | @a003284240 | |
| 100 | @a20060210d2007 em y0chiy0110 ea | |
| 101 | 0 | @achi |
| 102 | @aCN@b110000 | |
| 105 | @aa z 000yy | |
| 106 | @ar | |
| 200 | 1 | @a无线射频识别(RFID)与条码技术@Awu xian she pin shi bie (RFID) yu tiao ma ji shu@f游战清等编著 |
| 210 | @a北京@c机械工业出版社@d2007 | |
| 215 | @a316页@c图@d26cm | |
| 300 | @a信息产业部RFID职业技术培训指定教材 | |
| 304 | @a编著者还有:刘克胜、吴翔、林汉宏等 | |
| 330 | @a本书介绍了无线射频识别(RFID)与条码技术的基本知识、应用方式及相关工程项目建设环境、注意事项等。 | |
| 606 | 0 | @a无线电信号@x射频@x信号识别 |
| 606 | 0 | @a条形码@x技术 |
| 606 | 0 | @a无线电信号 |
| 606 | 0 | @a射频 |
| 606 | 0 | @a信号识别 |
| 606 | 0 | @a条形码 |
| 690 | @aTN911.23@v4 | |
| 690 | @aTP391.44@v4 | |
| 701 | 0 | @a游战清@Ayou zhan qing@4编著 |
| 801 | 0 | @aCN@bNLC@c20080303 |
| 905 | @dTN911.23@e116@f4 | |
| 无线射频识别(RFID)与条码技术/游战清等编著.-北京:机械工业出版社,2007 |
| 316页:图;26cm |
| 信息产业部RFID职业技术培训指定教材 |
| ISBN 7-111-19869-7:CNY35.00 |
| 本书介绍了无线射频识别(RFID)与条码技术的基本知识、应用方式及相关工程项目建设环境、注意事项等。 |
| ● |
| 相关链接 |
|
|
|
|
正题名:无线射频识别(RFID)与条码技术
索取号:TN911.23/116
 
预约/预借
| 序号 | 登录号 | 条形码 | 馆藏地/架位号 | 状态 | 备注 |
| 1 | 0793485 | 207934850 | 第二样本阅览室/ [索取号:TN911.23/116] | 在馆 | |
| 2 | 0793486 | 207934869 | 第三借阅区/ [索取号:TN911.23/116] | 在馆 | |
| 3 | 0793487 | 207934878 | 第三借阅区/ [索取号:TN911.23/116] | 在馆 | |
| 4 | 0793488 | 207934887 | 第三借阅区/ [索取号:TN911.23/116] | 在馆 |